| 000 | 00925nam a22002417a 4500 | ||
|---|---|---|---|
| 003 | OSt | ||
| 005 | 20251218073720.0 | ||
| 008 | 251218b |||||||| |||| 00| 0 eng d | ||
| 020 | _a0-13-098366-7 | ||
| 040 |
_aDWC-Main lib _cOC |
||
| 082 |
_26th edition _aCirc. 371.9 L675 2003 |
||
| 100 | _aLewis, R. | ||
| 245 |
_aTeaching special students in general education classrooms, 6th ed. _cLewis, Rena B. |
||
| 250 | _a6th edition | ||
| 260 |
_aColumbus, Ohio : _b Merrill Prentice Hall, _cc2003 |
||
| 300 |
_axv, 480 pages : _bcolored illustration ; _c25 cm. |
||
| 504 | _aIncludes bibliographical references and index. | ||
| 650 | _2Inclusive education - United States. | ||
| 650 | _2Mainstreaming in education - United States. | ||
| 650 | _2Special education - United States. | ||
| 700 | _aDoorlag, Donald H. | ||
| 942 |
_2ddc _cBK-CIRC _e6th edition _hCirc. 371.9 L675 2003 _kCirc. _n0 |
||
| 999 |
_c7200 _d7200 |
||